02569nam a22002537a 450000500170000002000330001704000210005008200190007110000210009024500620011125000120017326000330018530000350021850000820025350400590033550515940039452001570198854600090214565000440215465000340219865000390223265000210227165000230229220250514140605.0 a9781138612235cTZS 127,374/= aMULbeng.eAACR2 a354.041083 RHO aRHODES, R. A. W. aControl and power in central-Local government relations / a2nd ed. aNew York:bRoutledge,c2018. axviii, 214p. :bill. ;c25 cm. aFirst published 1999 by Ashgate publishing and reissued in 2018 by Routledge  aIncludes references (p.185-208) and index (p.209-214). aPART I: CONTROL AND POWER IN CENTRAL-LOCAL GOVERNMENT RELATIONS; 1 Introduction; The context of intergovernmental relations: some theoretical issues; Summary of Part I; 2 Some Myths in Central-Local Relations; The 'conventional wisdom'; The 'conventional critique'; The 'conventional critique' revisited; Some recent developments; The 'forgotten dimensions' of central-local relations; Conclusions: the rationality of ambiguous confusion? 3 Interorganizational AnalysisIntroduction; The nature of the environment; The unit of analysis; Organizational goals; Power and exchange; Consequences; Conclusions; 4 Intergovernmental Relations; Introduction; From federalism to intergovernmental relations; Bargaining, diplomacy and 'topocrats'; Conclusions; 5 A Framework for Analysis; Introduction; Figure: the analysis of interactions; Ground: the distribution of power, rules, interests and values; Concluding discussion: the rationality of ambiguous confusion; PART II: FROM INSTITUTIONS, TO POLICY, TO INDIVIDUALS 6 'Power-Dependence' Theories of Central-Local Relations: a Critical AssessmentIntroduction; A critical appraisal; Towards a theoretical reconstruction; Conclusions: what has been achieved?; 7 New Directions in the Study of Policy Networks; Introduction; A typology of policy networks; Key issues; Conclusions: new directions; 8 Analysing Networks: from Typologies of Institutions to Narratives of Beliefs; Introduction; Developments in the study of policy networks; Deconstructing networks; Reconstructing networks; Conclusions; References; Subject Index; Also by R.A.W. Rhodes aPublished in 1999. Control and Power in Central-Local Government Relations set out to provide a re-interpretation of central-local relations in Britain. aeng. aControl powervcentral-local government aIntergovernmental cooperation aCentral-local government relations aPolicy networks  aPolitical planning